| 000 | 01437cas a2200421 a 4500 | ||
|---|---|---|---|
| 001 | data | ||
| 005 | 20260322212120.0 | ||
| 008 | data | ||
| 035 | _a11300198 | ||
| 906 |
_a7 _bcbc _cserials _d3 _encip _f19 _gn-oclcserc |
||
| 010 | _a 85645062 | ||
| 035 | _a(OCoLC)11853390 | ||
| 037 | _bXin hua shu dian, Shanxi sheng, China | ||
| 040 |
_aDLC _beng _cDLC _dOCLCQ _dOCLCQ _dOCLCO _dOCLCF _dOCLCQ |
||
| 042 | _apcc | ||
| 043 | _aa-cc--- | ||
| 050 | 0 | 0 |
_aNX8.C45 _bH77 |
| 066 | _c$1 | ||
| 082 | 0 |
_a700/.051 _219 |
|
| 245 | 0 | 0 |
_6880-01 _aXian dai wen yi lun cong / _cXian dai wen yi lun cong bian wei hui zhu bian. |
| 880 | 0 | 0 |
_6245-01/$1 _a$1!KG!0s!BX'V1'Y$'5+(B / _c$1!KG!0s!BX'V1'Y$'5+'Q[!9f'CZ!09'Q[(B. |
| 260 |
_6880-02 _aXi'an : _bShanxi ren min chu ban she |
||
| 880 |
_6260-02/$1 _a$1!X$!:g(B : _b$1#JD!X$!0d!FM!3K!JH!Na(B |
||
| 300 |
_avolumes ; _c21 cm |
||
| 336 |
_atext _btxt _2rdacontent |
||
| 337 |
_aunmediated _bn _2rdamedia |
||
| 338 |
_avolume _bnc _2rdacarrier |
||
| 588 | _aDescription based on: 2 (1982 nian 3 yue [Mar. 1982]). | ||
| 650 | 0 | _aArts, Chinese. | |
| 650 | 0 | _aArts. | |
| 650 | 7 |
_aArts. _2fast _0(OCoLC)fst00817721 |
|
| 650 | 7 |
_aArts, Chinese. _2fast _0(OCoLC)fst00817963 |
|
| 776 | 0 | 8 |
_iOnline version: _tXian dai wen yi lun cong _w(OCoLC)758407769 |
| 890 | _aHsien tai wen i lun tsʻung. | ||
| 991 |
_bc-Asian _hNX8.C45 _iH77 _mChina _wSERIALS |
||
| 999 |
_c1827 _d1827 |
||